000 00592nam a22001937a 4500
003 OSt
008 260624b |||||||| |||| 00| 0 eng d
020 _a9788170195993
082 _a632.3046
_bD22R
245 _aRecent Approaches for Management of Plant Diseases/ edited by Srikanta Das...[et al.]
250 _a1st. ed.
260 _aDelhi :
_bToday & Tomorrow Printers and Publishers,
_c2018.
300 _a499 p.
650 _aTechnology (Applied Sciences)
650 _aPlant injuries, diseases, pests
650 _aPlant pathology
700 _a Das, Srikanta
942 _2ddc
_cBK
999 _c52258
_d52258